¿Sexualidad normal-sexualidad patológica?: análisis de la concepción de sexualidad dicotómica del psicoanalista Otto Kernberg = Normal sexuality or pathological sexuality? : analysis of the dichotomous sexuality conception of the psychoanalyst Otto Kernberg /
Furkejuvvon:
| Váldodahkki: | |
|---|---|
| Materiálatiipa: | Texto |
| Fáttát: | |
| Fáddágilkorat: |
Lasit fáddágilkoriid
Eai fáddágilkorat, Lasit vuosttaš fáddágilkora!
|
MARC
| LEADER | 00000 a a2200000 04500 | ||
|---|---|---|---|
| 001 | 42085 | ||
| 003 | |||
| 040 | |||
| 100 | |a Szuster, Daniela | ||
| 245 | |a ¿Sexualidad normal-sexualidad patológica?: análisis de la concepción de sexualidad dicotómica del psicoanalista Otto Kernberg = |b Normal sexuality or pathological sexuality? : analysis of the dichotomous sexuality conception of the psychoanalyst Otto Kernberg / |c Daniela Szuster | ||
| 500 | |a danielaszuster@yahoo.com.ar | ||
| 590 | |a RRA/NOVIEMBRE2011 | ||
| 650 | |a 1.RESEÑAS BIBLIOGRAFICAS | ||
| 773 | |g número126 ( , 2009), páginas 157-168 | ||
| 999 | |c 24930 |d 24930 | ||
| 773 | 0 | |0 18728 |9 3019 |a Universidad de Costa Rica |d San José, Costa Rica Editorial UCR 1956- |o 12516 |t Revista de Ciencias Sociales/ |x 04825276 | |
